<?xml version="1.0" encoding="UTF-8"?>
<record
    xmlns:xsi="http://www.w3.org/2001/XMLSchema-instance"
    xsi:schemaLocation="http://www.loc.gov/MARC21/slim http://www.loc.gov/standards/marcxml/schema/MARC21slim.xsd"
    xmlns="http://www.loc.gov/MARC21/slim">

  <leader>01529nem0a2200277   4500</leader>
  <controlfield tag="001">RU\NLR\BIBL_A\012779696</controlfield>
  <controlfield tag="005">20250624153921.0</controlfield>
  <datafield tag="035" ind1=" " ind2=" ">
    <subfield code="a">(NLR Aleph) 012779696</subfield>
  </datafield>
  <datafield tag="090" ind1=" " ind2=" ">
    <subfield code="a">13119269</subfield>
    <subfield code="c">13119269</subfield>
  </datafield>
  <datafield tag="100" ind1=" " ind2=" ">
    <subfield code="a">20220505d1925    |||y0rusy50      ca</subfield>
  </datafield>
  <datafield tag="101" ind1="0" ind2=" ">
    <subfield code="a">rus</subfield>
  </datafield>
  <datafield tag="102" ind1=" " ind2=" ">
    <subfield code="a">RU</subfield>
  </datafield>
  <datafield tag="120" ind1=" " ind2=" ">
    <subfield code="a">byy    xx||  </subfield>
  </datafield>
  <datafield tag="123" ind1="1" ind2=" ">
    <subfield code="a">&#x430;</subfield>
    <subfield code="b">80000</subfield>
  </datafield>
  <datafield tag="200" ind1="1" ind2=" ">
    <subfield code="a">&#x421;&#x445;&#x435;&#x43C;&#x430;&#x442;&#x438;&#x447;&#x435;&#x441;&#x43A;&#x430;&#x44F; &#x433;&#x435;&#x43E;-&#x431;&#x43E;&#x442;&#x430;&#x43D;&#x438;&#x447;&#x435;&#x441;&#x43A;&#x430;&#x44F; &#x43A;&#x430;&#x440;&#x442;&#x430; &#x421;&#x435;&#x433;&#x435;&#x436;&#x430;-&#x41E;&#x43D;&#x434;&#x441;&#x43A;&#x43E;&#x433;&#x43E; &#x440;&#x430;&#x439;&#x43E;&#x43D;&#x430;.</subfield>
    <subfield code="b">&#x41A;&#x430;&#x440;&#x442;&#x44B;</subfield>
    <subfield code="f">&#x421;&#x43E;&#x441;&#x442;. &#x438;&#x441;&#x441;&#x43B;&#x435;&#x434;.. &#x43F;&#x430;&#x440;&#x442;&#x438;&#x435;&#x439; &#x43F;&#x43E;&#x434; &#x440;&#x443;&#x43A;. &#x41A;.&#x412;. &#x41C;&#x430;&#x43B;&#x44F;&#x440;&#x435;&#x432;&#x441;&#x43A;&#x43E;&#x433;&#x43E; &#x432; 1925 &#x433;</subfield>
    <subfield code="g">&#x422;&#x43E;&#x43F;&#x43E;&#x433;&#x440;. &#x43E;&#x441;&#x43D;&#x43E;&#x432;&#x430; &#x43F;&#x43E; &#x43C;&#x430;&#x440;&#x448;&#x440;&#x443;&#x442;&#x43D;&#x43E;&#x439; &#x441;&#x44A;&#x435;&#x43C;&#x43A;&#x435; &#x43B;&#x435;&#x441;&#x43E;&#x443;&#x441;&#x442;&#x440;&#x43E;&#x438;&#x442;&#x435;&#x43B;&#x44C;&#x43D;&#x43E;&#x43C;&#x443; &#x43F;&#x43B;&#x430;&#x43D;&#x443; &#x442;&#x43E;&#x439;-&#x436;&#x435; &#x43F;&#x430;&#x440;&#x442;&#x438;&#x438;.</subfield>
  </datafield>
  <datafield tag="206" ind1=" " ind2=" ">
    <subfield code="a">[&#x43E;&#x43A;. 1:80 000, 800 &#x43C; &#x432; 1 &#x441;&#x43C;], &#x413;&#x440;&#x430;&#x444;. &#x43C;-&#x431; &#x432; &#x43A;&#x43C;</subfield>
  </datafield>
  <datafield tag="210" ind1=" " ind2=" ">
    <subfield code="a">[&#x41B;&#x435;&#x43D;&#x438;&#x43D;&#x433;&#x440;&#x430;&#x434;]</subfield>
    <subfield code="c">&#x427;&#x438;&#x440;&#x43E; &#x41C;.&#x416;.&#x414;.</subfield>
    <subfield code="d">[1925?]</subfield>
  </datafield>
  <datafield tag="215" ind1=" " ind2=" ">
    <subfield code="a">2 &#x43A;. (1 &#x43B;.)</subfield>
    <subfield code="c">&#x446;&#x432;.</subfield>
    <subfield code="d">82&#x445;67 &#x441;&#x43C;</subfield>
  </datafield>
  <datafield tag="300" ind1=" " ind2=" ">
    <subfield code="a">&#x41D;&#x430; &#x43B;. &#x442;&#x430;&#x43A;&#x436;&#x435;: &#x421;&#x445;&#x435;&#x43C;&#x430;&#x442;&#x438;&#x447;&#x435;&#x441;&#x43A;&#x430;&#x44F; &#x433;&#x435;&#x43E;-&#x431;&#x43E;&#x442;&#x430;&#x43D;&#x438;&#x447;&#x435;&#x441;&#x43A;&#x430;&#x44F; &#x43A;&#x430;&#x440;&#x442;&#x430; &#x428;&#x443;&#x440;&#x435;&#x446;&#x43A;&#x43E; &#x421;&#x43E;&#x440;&#x43E;&#x43A;&#x441;&#x43A;&#x43E;&#x439; &#x43B;&#x435;&#x441;&#x43D;&#x43E;&#x439; &#x434;&#x430;&#x447;&#x438; &#x41A;&#x435;&#x43C;&#x441;&#x43A;&#x43E;&#x433;&#x43E; &#x443;&#x435;&#x437;&#x434;&#x430; &#x410;.&#x41A;.&#x421;.&#x421;.&#x420;. - 1:80 000</subfield>
  </datafield>
  <datafield tag="509" ind1="0" ind2="1">
    <subfield code="7">ca</subfield>
    <subfield code="a">&#x421;&#x435;&#x433;&#x435;&#x436;&#x430;-&#x41E;&#x43D;&#x434;&#x441;&#x43A;&#x438;&#x439;</subfield>
    <subfield code="e">&#x41A;&#x430;&#x440;&#x435;&#x43B;&#x438;&#x44F;</subfield>
    <subfield code="h">&#x440;&#x430;&#x439;&#x43E;&#x43D;</subfield>
    <subfield code="9">2639188</subfield>
    <subfield code="3">RU\NLR\AUTH\5508216</subfield>
  </datafield>
  <datafield tag="607" ind1=" " ind2=" ">
    <subfield code="a">&#x41A;&#x435;&#x43C;&#x441;&#x43A;&#x438;&#x439; &#x440;&#x430;&#x439;&#x43E;&#x43D; (&#x41A;&#x430;&#x440;&#x435;&#x43B;&#x438;&#x44F;)</subfield>
    <subfield code="j">&#x41A;&#x430;&#x440;&#x442;&#x44B;</subfield>
    <subfield code="x">&#x413;&#x435;&#x43E;&#x43B;&#x43E;&#x433;&#x438;&#x44F;</subfield>
    <subfield code="9">904316</subfield>
    <subfield code="3">RU\NLR\AUTH\66329237</subfield>
  </datafield>
  <datafield tag="608" ind1=" " ind2=" ">
    <subfield code="a">&#x413;&#x435;&#x43E;&#x431;&#x43E;&#x442;&#x430;&#x43D;&#x438;&#x447;&#x435;&#x441;&#x43A;&#x438;&#x435; &#x43A;&#x430;&#x440;&#x442;&#x44B;</subfield>
    <subfield code="9">1411259</subfield>
    <subfield code="3">RU\NLR\AUTH\66282994</subfield>
  </datafield>
  <datafield tag="852" ind1=" " ind2=" ">
    <subfield code="a">NLR</subfield>
    <subfield code="b">&#x41A;</subfield>
    <subfield code="j">4-&#x421;&#x435;&#x432; 4/58</subfield>
    <subfield code="m">2394</subfield>
  </datafield>
  <datafield tag="942" ind1=" " ind2=" ">
    <subfield code="c">MAP</subfield>
  </datafield>
  <datafield tag="980" ind1=" " ind2=" ">
    <subfield code="a">NB</subfield>
  </datafield>
</record>
